| 000 | 01205nac a22003377a 4500 | ||
|---|---|---|---|
| 001 | BR7702775 | ||
| 003 | BR-BrBNA | ||
| 005 | 20240105114056.0 | ||
| 008 | 230509b bl.|||m| |||| 00| 0 por d | ||
| 040 |
_aBR-BrBNA _bpor _cBiblioteca Nacional de Agricultura |
||
| 072 | _aF00 | ||
| 090 | _a0716 BR7702775 | ||
| 100 | 1 | _aPetri, J.L. | |
| 100 | 1 | _aPasqual, M. | |
| 100 | 1 | _aCamelatto, D. | |
| 100 | 1 | _aFortes, G.R. de L. | |
| 100 | 1 | _aCamilo, A.P. | |
| 110 | 1 | _aEmpresa Catarinense de Pesquisa Agropecuaria S.A., Florianopolis, SC (Brasil) | |
| 245 | 1 | _aPessegos de mesa e nectarinas para as regioes do Vale do Rio do Peixe [Fruticultura; Fruta de clima temperado; Prunus persica; Prunus persica nucipersica; Santa Catarina; Brasil] | |
| 260 | 3 |
_aFlorianopolis, SC (Brasil): _cSep 1977. |
|
| 300 | _a27 p. | ||
| 490 |
_aBoletim Tecnico. Serie Fruteiras - Empresa Catarinense de Pesquisa Agropecuaria S.A. (Brazil) _vno. 1 _x |
||
| 500 | _aNumerical data; 8 ref. | ||
| 650 | _aProducao vegetal | ||
| 650 | _aPessego | ||
| 650 | _aNectarina | ||
| 650 | _aSanta Catarina | ||
| 650 | _aVale do Rio do Peixe | ||
| 909 |
_a202312 _bLúcia Elande _c55 _dLúcia Elande |
||
| 942 |
_2AGRIS _n0 _cMS |
||
| 999 |
_c267248 _d267248 |
||